The AB program in geometric analysis : sharp Sobolev inequalities and related problems

Αποθηκεύτηκε σε:
Λεπτομέρειες βιβλιογραφικής εγγραφής
Κύριος συγγραφέας: Druet, Olivier 1976-
Άλλοι συγγραφείς: Hebey, Emmanuel 1964-
Μορφή: Βιβλίο
Γλώσσα:English
Δημοσίευση: Providence, R.I. : American Mathematical Society, c2002
Σειρά:Memoirs of the American Mathematical Society ; ; 761
Θέματα:
Ετικέτες: Προσθήκη ετικέτας
Δεν υπάρχουν, Καταχωρήστε ετικέτα πρώτοι!

MARC

LEADER 00000nam a2200000 i 4500
001 1/100394
008 090126s2002 eng d
020 |a 0-8218-2989-0 
035 |l 10102840 
040 |a GR-MY-UA  |b gre  |e aacr 
041 0 |a eng 
082 0 |a 514.74  |2 (22) 
100 1 |a Druet, Olivier  |d 1976- 
245 1 4 |a The AB program in geometric analysis :  |b sharp Sobolev inequalities and related problems /  |c Olivier Druet, Emmanuel Hebey 
260 |a Providence, R.I. :   |b American Mathematical Society,   |c c2002 
300 |a viii, 98 σ.;  |c 25 εκ. 
490 1 |a Memoirs of the American Mathematical Society  |v ; 761 
504 |a Βιβλιογραφία: σ. 95-98 
650 0 0 |a Variational inequalities (Mathematics) 
650 0 0 |a Riemannian manifolds. 
700 1 |a Hebey, Emmanuel  |d 1964- 
830 0 |a Memoirs of the American Mathematical Society ;  |v ; 761 
852 |a INST  |b SAMOS  |e 20090126  |h 514.74 DRU  |p 005300029505  |q 005300029505  |t BK  |y 0 
901 |a BIBL3-2009-1 
909 |a Σ  |b 155468 
922 |a 3ΕΛΗ  |b 200808  |c ΕΠΕΑΕΚ2/ΤΜΗΜΑ ΜΑΘΗΜΑΤΙΚΩΝ-ΠΡΟΠΤΥΧΙΑΚΟ  |d ΜΙΧΑΛΟΠΟΥΛΟΣ 
970 |a ΚΟΣΙΕΡΗΣ  |b ΧΡΗΣΤΟΣ  |z 2009/01/26